000 00257nam a2200109Ia 4500
100 _aNarang
942 _cBK
245 _aWORKSHOP CALCULATION & SCIENCE SOLVED PAPERS FOR DRAUGHTSMAN.
260 _bNew Heights
_aNew Delhi
546 _aENGLISH
999 _c22009
_d22009